MARC details
| 000 -BAŞLIK |
| Sabit Uzunluktaki Kontrol Alanı |
02108nam a22005177a 4500 |
| 001 - KONTROL NUMARASI |
| Control Dosyası |
0008368 |
| 003 - KONTROL NUMARASI KİMLİĞİ |
| Kontrol Alanı |
KOHA_MİRAKIL |
| 005 - EN SON İŞLEM TARİHİ ve ZAMANI |
| Kontrol Alanı |
20260207001631.0 |
| 007 - FİZİKSEL TANIM SABİT ALAN - GENEL BİLGİ |
| Sabit uzunluklu kontrol alanı |
ta |
| 008 - SABİT UZUNLUKTAKİ VERİ ÖGELERİ - GENEL BİLGİ |
| Sabit Alan |
091009b2001 tu |||gr||||#||||0|tur | |
| 020 ## - ISBN - ULUSLARARASI STANDART KİTAP NUMARASI |
| Isbn |
9751613892 |
| Kullanılabilirlik koşulları |
TL20 |
| 040 ## - KATALOGLAMA KAYNAĞI |
| Özgün Kataloglama Kurumu |
TR-BiSEU |
| Kataloglama Dili |
tur |
| Çeviri Kurumu |
TR-BiSEU |
| Açıklama Kuralları |
rda |
| 041 0# - DİL KODU |
| Metin ya da ses kaydının dil kodu |
tur |
| 044 ## - YAYINLAYAN/ÜRETEN KURULUŞUN ÜLKE KODU |
| ISO country code |
tu |
| 050 ## - SINIFLAMA ve YER NUMARASI |
| Sınıflama Numarası |
CD5344 |
| Yer Numarası |
.O94 2001 |
| 100 1# - KİŞİ ADI |
| Yazar Adı (Kişi adı) |
Özgüç, Nimet. |
| 240 10 - TEK BİÇİM BAŞLIK |
| Tekbiçim Başlık |
<a href="sealed and inscribed clay bullae">sealed and inscribed clay bullae</a> |
| Language of a work |
Türkçe |
| 245 1# - ESER ADI BİLDİRİMİ |
| Başlık |
Kültepe-Kaniš : |
| Alt Eseradı vb. |
mühürlü ve yazıtlı kil bullalar = |
| -- |
sealed and inscribed clay bullae/ |
| Sorumluluk Bildirimi |
Nimet Özgüç ; N. Özgüç, Ö. Tunca. |
| 264 #1 - ÜRERİM, YAYIN, DAĞITIM ve TELİF BİLDİRİMİ |
| Yayın yeri |
Ankara : |
| Yayınlayan |
Türk Tarih Kurumu |
| Yayın tarihi |
2001 |
| 300 ## - FİZİKSEL TANIMLAMA |
| Sayfa, Cilt vb. |
XXXIV, 520 sayfa: resimli; 32 cm. |
| 336 ## - İÇERİK TÜRÜ |
| Content type term |
metin |
| Content type code |
txt |
| Source |
rdacontent |
| 337 ## - MEDYA TÜRÜ |
| Media type term |
aracısız |
| Media type code |
n |
| Source |
rdamedia |
| 338 ## - TAŞIYICI TÜRÜ |
| Carrier type term |
cilt |
| Carrier type code |
nc |
| Source |
rdacarrier |
| 490 1# - DİZİ BİLDİRİMİ |
| Dizi Bildirimi |
Atatürk Kültür,Dil ve Tarih Yüksek Kurumu Türk Tarih Kurumu Yayınları ; |
| Cilt Numarası |
V. |
| 490 1# - DİZİ BİLDİRİMİ |
| Dizi Bildirimi |
dizi- sayı 48. |
| 650 #0 - KONU BAŞLIĞI EK GİRİŞ - KONU TERİMİ |
| Konusal terim veya coğrafi ad |
Seals (Numismatics)--Turkey. |
| 9 (RLIN) |
20783 |
| 650 #0 - KONU BAŞLIĞI EK GİRİŞ - KONU TERİMİ |
| Konusal terim veya coğrafi ad |
Seals (Numismatics)--Turkey--Catalogs. |
| 9 (RLIN) |
20784 |
| 650 #0 - KONU BAŞLIĞI EK GİRİŞ - KONU TERİMİ |
| Konusal terim veya coğrafi ad |
Cylinder seals--Turkey. |
| 9 (RLIN) |
20785 |
| 650 #0 - KONU BAŞLIĞI EK GİRİŞ - KONU TERİMİ |
| Konusal terim veya coğrafi ad |
Cylinder seals--Turkey--Catalogs. |
| 9 (RLIN) |
20786 |
| 650 #0 - KONU BAŞLIĞI EK GİRİŞ - KONU TERİMİ |
| Konusal terim veya coğrafi ad |
Excavations (Archaeology)--Turkey--Kanesh (Extinct city) |
| 9 (RLIN) |
20787 |
| 650 #0 - KONU BAŞLIĞI EK GİRİŞ - KONU TERİMİ |
| Konusal terim veya coğrafi ad |
Kanesh (Extinct city)--Antiquities. |
| 9 (RLIN) |
20799 |
| 650 #0 - KONU BAŞLIĞI EK GİRİŞ - KONU TERİMİ |
| Konusal terim veya coğrafi ad |
Kanesh (Extinct city)--Antiquities--Catalogs. |
| 9 (RLIN) |
20800 |
| 650 #0 - KONU BAŞLIĞI EK GİRİŞ - KONU TERİMİ |
| Konusal terim veya coğrafi ad |
Turkey--Antiquities. |
| 9 (RLIN) |
14452 |
| 650 #0 - KONU BAŞLIĞI EK GİRİŞ - KONU TERİMİ |
| Konusal terim veya coğrafi ad |
Turkey--Antiquities--Catalogs. |
| 9 (RLIN) |
20790 |
| 650 #0 - KONU BAŞLIĞI EK GİRİŞ - KONU TERİMİ |
| Konusal terim veya coğrafi ad |
Kaniş (Antik kent) |
| 9 (RLIN) |
20791 |
| 650 #0 - KONU BAŞLIĞI EK GİRİŞ - KONU TERİMİ |
| Konusal terim veya coğrafi ad |
Silindir mühürler-- Türkiye |
| 9 (RLIN) |
20792 |
| 650 #0 - KONU BAŞLIĞI EK GİRİŞ - KONU TERİMİ |
| Konusal terim veya coğrafi ad |
Mühürler (Nümizmatik)-- Türkiye |
| 9 (RLIN) |
20793 |
| 650 #0 - KONU BAŞLIĞI EK GİRİŞ - KONU TERİMİ |
| Konusal terim veya coğrafi ad |
Silindir mühürler-- Türkiye-- Kataloglar |
| 9 (RLIN) |
20794 |
| 650 #0 - KONU BAŞLIĞI EK GİRİŞ - KONU TERİMİ |
| Konusal terim veya coğrafi ad |
Mühürler (Nümizmatik)--Türkiye--Kataloglar |
| 9 (RLIN) |
20795 |
| 650 #0 - KONU BAŞLIĞI EK GİRİŞ - KONU TERİMİ |
| Konusal terim veya coğrafi ad |
Kazılar (Arkeoloji)--Türkiye--Kaniş (Antik kent) |
| 9 (RLIN) |
20796 |
| 650 #0 - KONU BAŞLIĞI EK GİRİŞ - KONU TERİMİ |
| Konusal terim veya coğrafi ad |
Türkiye--Eski eserler |
| 9 (RLIN) |
14459 |
| 650 #0 - KONU BAŞLIĞI EK GİRİŞ - KONU TERİMİ |
| Konusal terim veya coğrafi ad |
Kaniş (Antik kent)--Kataloglar |
| 9 (RLIN) |
20797 |
| 830 1# - SERİ EK GİRİŞİ - TEKBİÇİM ESER ADI |
| Tekbiçim Başlık |
Atatürk Kültür,Dil ve Tarih Yüksek Kurumu Türk Tarih Kurumu Yayınları ; |
| Volume number/sequential designation |
V. |
| 9 (RLIN) |
14135 |
| 830 1# - SERİ EK GİRİŞİ - TEKBİÇİM ESER ADI |
| Tekbiçim Başlık |
dizi- sayı 48. |
| 9 (RLIN) |
20801 |
| 942 ## - EK GİRİŞ ÖGELERİ (KOHA) |
| Source of classification or shelving scheme |
Library of Congress Classification |
| Koha item type |
Book |